1343 1504 1030 1680 1922 1112 1293 1982 1481 1694 1618 1858 1754 1662 1006 1759 1140 1319 1065 1794 1773 1199 1307 1893 1674 1317 1660 1813 1709 1345 1540 1064 1365 1852 1383 1417 1551 1221 1798 1645 1700 1763 1138 1773 1049 1561 1221 1270 1009 1016 1767 1549 1051 1175 1885 1320 1783 1944 1658 1768 1834 1297 1955 1641 1689 1357 1092 1773 1677 1993 1769 1145 1396 1472 1806 1762 1568 1694 1625 1486 1993 1769 1750 1228 1489 1989 1535 1809 1224 1986 1521 1669 1805 1612 1698 1743 1943 1776 1052 BCNSPRNW ULIB Ver.6.0+V

เปลี่ยนเป็นภาษาไทย

Change to English
 แสดงรายละเอียดบรรณานุกรม
  กลับหน้าหลัก

Brief Record : Get Marc (ISO 2709) : E-mail record : QR code < ปิดหน้าต่าง
LEADER : 00000nam 2200000uu 4500
001    13399110611
003     ULIB
008    110602s2551||||th 000 0 tha d
020    9789745985438
060 04 WR15^bว336ศ 2551
100 0  วรุณวรรณ ผาโคตร
245 10 ศัพท์ : ผิวหนัง ความงามและสุขภาพ =^b Vocabulary in skin Beauty and Health /^cวรุณวรรณ ผาโคตร,สิรนาถ นุชนาถ
246 31 Vocabulary in skin Beauty and Health
250    พิมพ์ครั้งที่ 1
260    กรุงเทพฯ :^bเค. เอส. พี.,^c2551
300    301 หน้า
650  2 Beauty and Health^xDictionaries
650  2 Medicine^xDictionaries
700 00 สิรนาถ นุชนาถ,^eผู้แต่งร่วม
945    ^p199^l0^i027301
945    ^p199^l0^i027300
945    ^p199^l0^i027299
995     ทศพร
999 ^a ใช้งานได้ทุกระบบ
รายการนี้ยังไม่มีแท็ก
คุณยังไม่ได้ล็อกอิน คุณสามารถมีกิจกรรมร่วมกับเว็บไซต์ได้ แต่ต้องล็อกอินก่อน ::
  ล็อกอิน

รายการสื่อสารสนเทศ

ลำดับที่ ประเภท เลขเรียก/บาร์โค้ด สถานที่ สถานะ
- ไม่พบข้อมูล -

รายการใกล้เคียง
    ผู้แต่ง [วรุณวรรณ ผาโคตร]

    หัวเรื่อง [Medicine Dictionaries]

BibComment


ยังไม่เคยถูกคอมเมนท์

คอมเมนท์ทรัพยากรรายการนี้
  คอมเมนท์: ศัพท์ ผิวหนัง คว..


 Copyright 2026. Bcnsprnw @Library